Central Library OPAC University of Rajshahi

The ethical theory of Hegel : (Record no. 30626)

MARC details
000 -LEADER
fixed length control field 00824cam a22002771 4500
001 - CONTROL NUMBER
control field 30626
003 - CONTROL NUMBER IDENTIFIER
rucl marc code BD-RjUL
005 - DATE AND TIME OF LATEST TRANSACTION
control field 20211209051607.0
008 - FIXED-LENGTH DATA ELEMENTS--GENERAL INFORMATION
fixed length control field 140410s1921 enk 001 0 eng
035 ## - SYSTEM CONTROL NUMBER
System control number (BD-RjUL)30712
040 ## - CATALOGING SOURCE
Original cataloging agency DLC
Transcribing agency Wa
Modifying agency DLC
-- BD-RjUL
Language of cataloging eng
041 ## - LANGUAGE CODE
Language code of text/sound track or separate title eng
082 ## - DEWEY DECIMAL CLASSIFICATION NUMBER
Classification number 170
Author mark and year REE 1921
100 1# - MAIN ENTRY--PERSONAL NAME
Personal name Reyburn, Hugh Adam.
9 (RLIN) 93049
245 14 - TITLE STATEMENT
Title The ethical theory of Hegel :
Remainder of title a study of the Philosophy of right /
Statement of responsibility, etc. by Hugh A. Reyburn ...
260 ## - PUBLICATION, DISTRIBUTION, ETC. (IMPRINT)
Place of publication, distribution, etc. Oxford :
Name of publisher, distributor, etc. Clarendon press,
Date of publication, distribution, etc. 1921.
300 ## - PHYSICAL DESCRIPTION
Pagination xx, 271, [1] p. ;
Size 20 cm.
504 ## - BIBLIOGRAPHY, ETC. NOTE
Bibliography, etc Includes index.
600 10 - SUBJECT ADDED ENTRY--PERSONAL NAME
Personal name Hegel, Georg Wilhelm Friedrich,
Dates associated with a name 1770-1831.
650 #0 - SUBJECT ADDED ENTRY--TOPICAL TERM
Topical term or geographic name as entry element Ethics.
9 (RLIN) 93050
Topical term or geographic name as entry element Social ethics.
9 (RLIN) 5055
Topical term or geographic name as entry element State, The.
9 (RLIN) 93051
942 ## - ADDED ENTRY ELEMENTS (KOHA)
Source of classification or shelving scheme Dewey Decimal Classification
Koha item type Books
Holdings
Lost status Source of classification or shelving scheme Damaged status Not for loan Collection code Permanent Location Current Location Shelving location Date acquired Source of acquisition Cost, normal purchase price Total Checkouts Full call number Date last seen Copy number Koha item type
  Dewey Decimal Classification   Not For Loan Non-fiction Central Library, University of Rajshahi Central Library, University of Rajshahi Reading Room 06/08/1955 O.U.P 6.00   170 REE 1921 10/04/2014 C-1 Books
  Dewey Decimal Classification     Non-fiction Central Library, University of Rajshahi Central Library, University of Rajshahi Reading Room 27/12/1968 Zeitlinger 22.00   170 REE 1967 10/04/2014 C-3 Books
  Dewey Decimal Classification     Non-fiction Central Library, University of Rajshahi Central Library, University of Rajshahi   27/12/1968 Zeitlinger 22.60   170 REE 1967 30/07/2016 C-2 Books